000 00793cam a2200217 i 4500
005 20251202112835.0
008 250721s2004 jo gr 000 0 ara d
020 _a9957114530
082 1 4 _a214
_bس ا م
100 1 _aالساموك، سعدون محمود
_eمؤلف.
245 1 2 _aالعقائد الإسلامية :
_bالآلهيات ، النبوات ، السمعيات /
_cالاستاذ الدكتور سعدون محمود الساموك.
250 _aالطبعه الاولى.
264 3 1 _aعمان :
_bدار وائل للنشر والتوزيع،
_c2004.
300 _a255 صفحه.
650 1 7 _aالاسلام.
650 1 7 _aالعقائد.
650 1 7 _aالالهيات.
650 1 7 _aالنبوات.
942 _2ddc
_cBK
999 _c88253
_d88253